PRACTICAL PHARMACEUTICAL CHEMISTRY (Record no. 33774)
[ view plain ]
| 000 -LEADER | |
|---|---|
| fixed length control field | 00429nam a2200181Ia 4500 |
| 003 - CONTROL NUMBER IDENTIFIER | |
| control field | OSt |
| 005 - DATE AND TIME OF LATEST TRANSACTION | |
| control field | 20260411141035.0 |
| 008 - FIXED-LENGTH DATA ELEMENTS--GENERAL INFORMATION | |
| fixed length control field | 220204s9999 xx 000 0 und d |
| 020 ## - INTERNATIONAL STANDARD BOOK NUMBER | |
| International Standard Book Number | 9788123905709 |
| 040 ## - CATALOGING SOURCE | |
| Transcribing agency | MUIT |
| 082 ## - DEWEY DECIMAL CLASSIFICATION NUMBER | |
| Classification number | 615.5 |
| Item number | SID-P |
| Edition number | FIRST |
| 100 ## - MAIN ENTRY--PERSONAL NAME | |
| Personal name | SIDDIQUI, ANEES AHMAD |
| 245 #0 - TITLE STATEMENT | |
| Title | PRACTICAL PHARMACEUTICAL CHEMISTRY |
| 250 ## - EDITION STATEMENT | |
| Edition statement | 1ST |
| 260 ## - PUBLICATION, DISTRIBUTION, ETC. | |
| Place of publication, distribution, etc. | Delhi |
| Name of publisher, distributor, etc. | C.B.S. |
| Date of publication, distribution, etc. | 1997 |
| 300 ## - PHYSICAL DESCRIPTION | |
| Extent | 160 |
| 942 ## - ADDED ENTRY ELEMENTS (KOHA) | |
| Koha item type | Book |
| Source of classification or shelving scheme | |
| Withdrawn status | Lost status | Damaged status | Not for loan | Collection code | Permanent Location | Current Location | Shelving location | Date acquired | Cost, normal purchase price | Total Checkouts | Full call number | Barcode | Date last seen | Date last checked out | Price effective from | Koha item type |
|---|---|---|---|---|---|---|---|---|---|---|---|---|---|---|---|---|
| Maharishi School of Pharmaceutical Science (Lucknow) | Central Library, MUIT, Lucknow | R8S3 | 2022-02-04 | 275.00 | 1 | 615.19 SID-P | SOPH1482 | 2025-09-12 | 2025-09-11 | 2022-02-04 | Book | |||||
| Central Library, MUIT, Lucknow | Central Library, MUIT, Lucknow | 2022-02-04 | 275.00 | 1 | 615.5 Ane-P | SOPH1485 | 2025-07-29 | 2025-01-20 | 2022-02-04 | Book | ||||||
| Maharishi School of Pharmaceutical Science (Lucknow) | Maharishi School of Pharmaceutical Science (Lucknow) | R8S3 | 2022-02-04 | 275.00 | 2 | 615.19 SID-P | SOPH1483 | 2025-03-17 | 2025-03-17 | 2022-02-04 | Book | |||||
| Maharishi School of Pharmaceutical Science (Lucknow) | Maharishi School of Pharmaceutical Science (Lucknow) | R8S3 | 2022-02-04 | 275.00 | 3 | 615.19 SID-P | SOPH1484 | 2025-09-12 | 2025-09-11 | 2022-02-04 | Book | |||||
| Maharishi School of Pharmaceutical Science (Lucknow) | Maharishi School of Pharmaceutical Science (Lucknow) | R1S3 | 2022-02-04 | 275.00 | 615.5 | SOPH1486 | 2022-02-04 | 2022-02-04 | Reference Book |